000 01040nam a2200265Ia 4500
003 OSt
005 20221005110444.0
006 a|||||r|||| 00| 0
007 ta
008 221004b |||||||| |||| 00| 0 hin d
020 _a8179170244 (hbk)
_c350
024 _a97675
037 _b1922, 09/03/2009, Pioneer Books Distributors
_cTextual
040 _aCRL
_cCRL
_bhin
041 _2hin
_ahin
082 _aNA4436,8(Q:45)v, 152P4
100 _aथापर, रोमिला
245 0 _aसोमनाथ
_b इतिहास एक स्वर अनेक
246 _aSomanātha: itihās ek svar aneka
260 _aनई दिल्ली
_bग्रंथ शिल्पी भारत
_c2004
300 _a227पृ0
_ccm.
700 _a वर्मा, सत्यम, अनु.
942 _hNA4436,8(Q:45)v, 152P4
_cTEXL
_2cc
999 _c1018870
_d1018870